000 00684nam a2200217Ia 4500
003 OSt
005 20250827105841.0
008 220917b |||||||| |||| 00| 0 eng d
037 _cTB
040 _aARTS
_cARTS
_beng
041 _2eng
_aeng
084 _aV2:19438(zM).N45<--N41 M4
_qAL
100 _aChandra Anil
_9100604
245 0 _aIndian army triumphant in Burma
_b The Burmese campaign 1941--1945
260 _aDelhi
_bAbma Ram India
_c1984
300 _axx, 234p.
_ccm.
500 _aBibliography p225--234; Appendix p219--224
650 _aHISTORY
942 _hV2:19438(zM).N45<--N41 M4
_cTB
_2CC
_n0
999 _c219999
_d219999